000 01436cam a2200265 4500
001 ABS64761
008 011203n2001 000 0 eng u
035 _a(Sirsi) u115816
110 _aMott Green Wall
245 _aPrefabrication of services
260 _c2001
490 _aBuilding Services Journal
_v 23(11) November 2001, 28-29(2)
520 _aExplores the benefits of the specification of pre-assembled and pre-fabricated building services installations - it provides opportunities for improving project performance. The problem of low site productivity is addressed in BSRIA's 1997 report "Improving M&E site productivity" which shows the average productivity in a sample of UK projects as a low 37%. Discusses the applications for pre-assembled and pre-assembly - the benefits of which are illustrated in BSRIA's 1998 report "Pre-fabrication and pre-assembly" - which identifies marked improvements of a 30% rises in productivity associated with the use of pre-assembled plant modules. The article finishes by a look at the constraints on the greater use of pre-assembly and pre-fabrication.
590 _aABS
650 _aPREFABRICATION
650 _aBlock management
_96220
650 _aPRE-ASSEMBLY
650 _aPRODUCTIVITY
650 _aBSRIA
650 _aINSTALLATIONS
650 _aPROJECT PERFORMANCE
690 _aBlock management
_96220
710 _aDAVIS LANGDON AND EVEREST
942 _n0
999 _c68986
_d68986